Income tax law: (Record no. 181284)

MARC details
000 -LEADER
fixed length control field 01660 a2200349 4500
005 - DATE AND TIME OF LATEST TRANSACTION
control field 20210907124415.0
010 ## - LCCN (DPL NO)
LC control number ENG-129884- 93
020 ## - INTERNATIONAL STANDARD BOOK NUMBER
Terms of availability 2950.00 (V.I)
International Standard Book Number 978-93-8999-127-7
020 ## - INTERNATIONAL STANDARD BOOK NUMBER
Terms of availability 2950.00(V.II)
International Standard Book Number 978-93-8999-131-4
020 ## - INTERNATIONAL STANDARD BOOK NUMBER
Terms of availability 2950.00(V.III)
International Standard Book Number 978-93-8999-132-1
020 ## - INTERNATIONAL STANDARD BOOK NUMBER
Terms of availability 2950.00(V.IV)
International Standard Book Number 978-93-8999-133-8
020 ## - INTERNATIONAL STANDARD BOOK NUMBER
Terms of availability 2950.00(V.V)
International Standard Book Number 978-93-8999-136-9
020 ## - INTERNATIONAL STANDARD BOOK NUMBER
Terms of availability 2950.00(V.VI)
International Standard Book Number 978-93-8999-138-3
020 ## - INTERNATIONAL STANDARD BOOK NUMBER
Terms of availability 2950.00(V.VII)
International Standard Book Number 978-93-8999-139-0
020 ## - INTERNATIONAL STANDARD BOOK NUMBER
Terms of availability 2950.00(V.VIII)
International Standard Book Number 978-93-8999-142-0
020 ## - INTERNATIONAL STANDARD BOOK NUMBER
Terms of availability 2950.00(V.IX)
International Standard Book Number 978-93-8999-141-3
020 ## - INTERNATIONAL STANDARD BOOK NUMBER
Terms of availability 2950.00 (V.X)
International Standard Book Number 978938999-141-3
035 ## - SYSTEM CONTROL NUMBER
System control number EN-113416-25
037 ## - SOURCE OF ACQUISITION
Source of stock number/acquisition DBAD / PUB
082 14 - DEWEY DECIMAL CLASSIFICATION NUMBER
Classification number 343.54052
100 1# - MAIN ENTRY--PERSONAL NAME
Personal name Chaturvedi,K
245 1# - TITLE STATEMENT
Title Income tax law:
Statement of responsibility, etc by K Chaturvedi,S.M. Pithisaria
250 ## - EDITION STATEMENT
Edition statement 7th (Golden jubilee)
260 ## - PUBLICATION, DISTRIBUTION, ETC. (IMPRINT)
Place of publication, distribution, etc Gurgaon
Name of publisher, distributor, etc LexisNexis
Date of publication, distribution, etc 2020
270 ## - ADDRESS
Address 14th floor,building no-10,tower-B,DLF cyber city,phase-II
City Gurgaon
State or province Haryana
Postal code 122002
Telephone number 911244774444
Fax number 91 1244774100
Electronic mail address help.in@lexisnexis.com
300 ## - PHYSICAL DESCRIPTION
Extent various pages (vol.1-10)
Dimensions 25cm(hbk)
Other physical details including contents table of cases,stop press and general index
500 ## - GENERAL NOTE
General note Vol.1(Section 1 to 10)<br/>Vol.2(section 10A to 35E)<br/>Vol.3(section 36 to 50D)<br/>Vol.4(section 51 to 80LA)<br/>Vol.5(section 80M to138)<br/>Vol.6(section 139-158-B1)<br/>Vol.7(section159-219)<br/>Vol.8 (section 220-260B)<br/>Vol.9(Section 261-290)<br/>Vol.10 (section 291-298,Schedules along with IT rules,1962 and Direct tax vivad se vishwas Act and rules,2020)<br/><br/>
700 ## - ADDED ENTRY--PERSONAL NAME
Personal name Pithisaria,S.M
700 ## - ADDED ENTRY--PERSONAL NAME
Personal name Pithisaria,M.K
700 ## - ADDED ENTRY--PERSONAL NAME
Personal name Pithisaria,Mukesh
942 ## - ADDED ENTRY ELEMENTS (KOHA)
Institution code [OBSOLETE] dpl
Item type English Books
Source of classification or shelving scheme Dewey Decimal Classification
Classification part 343.54052
Call number suffix CHA
Holdings
Withdrawn status Lost status Materials specified (bound volume or other part) Not for loan Collection code Home library Current library Date acquired Source of acquisition Cost, normal purchase price Full call number Barcode Copy number Cost, replacement price Koha item type
    vol.1   Reference Central Library Central Library 07/09/2021 DBAD/PUB 2950.00 343.54052 CHA EN-113416 1 2950.00 English Books
    vol.2   Reference Central Library Central Library 07/09/2021 DBAD/PUB 2950.00 343.54052 CHA EN-113417 1 2950.00 English Books
    vol.3   Reference Central Library Central Library 07/09/2021 DBAD/PUB 2950.00 343.54052 CHA EN-113418 1 2950.00 English Books
    vol.4   Reference Central Library Central Library 07/09/2021 DBAD/PUB 2950.00 343.54052 CHA EN-113419 1 2950.00 English Books
    vol.5   Reference Central Library Central Library 07/09/2021 DBAD/PUB 2950.00 343.54052 CHA EN-113420 1 2950.00 English Books
    Vol.6   Reference Central Library Central Library 07/09/2021 DBAD/PUB 2950.00 343.54052 CHA EN-113421 1 2950.00 English Books
    Vol.7   Reference Central Library Central Library 07/09/2021 DBAD/PUB 2950.00 343.54052 CHA EN-113422 1 2950.00 English Books
    vol.8   Reference Central Library Central Library 07/09/2021 DBAD/PUB 2950.00 343.54052 CHA EN-113423 1 2950.00 English Books
    vol.9   Reference Central Library Central Library 07/09/2021 DBAD/PUB 2950.00 343.54052 CHA EN-113424 1 2950.00 English Books
    Vol.10   Reference Central Library Central Library 07/09/2021 DBAD/PUB 2950.00 343.54052 CHA EN-113425 1 2950.00 English Books

© Delhi Public Library
Hit Counter
free hit counter